| 000 | 01077nam a2200313 a 4500 | ||
|---|---|---|---|
| 001 | 1564680 | ||
| 003 | NUST - PNEC | ||
| 005 | 20170116181028.0 | ||
| 008 | 920210s1991 onca 001 0 eng | ||
| 010 | _a 92115504 | ||
| 020 | _a0553354647 | ||
| 040 | _cLIBRARY | ||
| 082 | 0 | 0 | _a005.446 SOM |
| 100 | 1 | _aSomerson, Paul. | |
| 245 | 1 | 0 |
_aDOS power tools : _btechniques, tricks, and utilities / _cPaul Somerson. |
| 250 | _a2nd ed., rev. for DOS 5.0 | ||
| 260 |
_aToronto ; _aNew York : _bBantam Books, _cc1991. |
||
| 300 |
_axvii, 1069 p. : _bill. ; _c24 cm. + |
||
| 500 | _a"Bantam computer books." | ||
| 500 | _aSystem requirements for computer disks: 386 and 486 computers; DOS; hard disk recommended. | ||
| 500 | _aIncludes index. | ||
| 630 | 0 | 0 | _aMS-DOS (Computer file) |
| 630 | 0 | 0 | _aPC-DOS (Computer file) |
| 650 | 0 |
_aOperating systems (Computers) _xMIS |
|
| 650 | 0 | _aUtilities (Computer programs) | |
| 906 |
_a7 _bcbc _corignew _d3 _encip _f19 _gy-gencatlg |
||
| 942 |
_2ddc _cBK |
||
| 999 |
_c67643 _d67643 |
||